| 000 | 00961nam a2200301 i 4500 | ||
|---|---|---|---|
| 001 | 142841 | ||
| 003 | ES-MaACL | ||
| 005 | 20240310062956.0 | ||
| 007 | t| | ||
| 008 | 071010s1977 sp ||||1| spa d | ||
| 017 |
_aV 1596-1977 _bOficina Depósito Legal Valencia |
||
| 020 | _a8471990660 | ||
| 040 | _cES-MaACL | ||
| 080 | _a73 Benlliure, Mariano | ||
| 080 | _a75 Benlliure, José | ||
| 080 | _a75 Benlliure, Juan Antonio | ||
| 080 | _a929.52 Benlliure | ||
| 100 | 1 |
_aVidal Corella, Vicente, _d1905-1992 _eaut _9114475 |
|
| 245 | 1 | 4 |
_aLos Benlliure y su época / _cVicente Vidal Corella. |
| 260 |
_aValencia : _bPrometeo, _c[1977] |
||
| 300 |
_a370 páginas, 32 páginas de láminas ; _c22 cm. |
||
| 504 | _aBibliografía: páginas [367]-368 | ||
| 600 | 1 | 4 |
_aBenlliure (Familia) _927716 |
| 852 |
_aES-MaACL _bR.96091 _cSPP1 _jA-6891 |
||
| 942 |
_cMONOGRAFIA _n0 |
||
| 999 |
_c142841 _d142841 |
||